|
|
|
|
| LEADER |
00000nam a2200000 a 4500 |
| 001 |
vtls009525345 |
| 003 |
SK-MaSNL |
| 005 |
20260301171323.0 |
| 008 |
251201p2009 hu 000 0 slo |
| 015 |
|
|
|a SNBZSA2009-00344
|
| 020 |
|
|
|a 9789630671569
|q (viaz.)
|
| 035 |
|
|
|a C8BBF152-1DA9-43D4-B911-963624EB11D2
|
| 035 |
|
|
|a urn:nbn:sk:snk-amk8nx
|
| 035 |
|
|
|a urn:nbn:sk:snk-am008clp
|
| 040 |
|
|
|a SNK
|b slo
|c SNK
|e AACR2
|
| 041 |
0 |
|
|a slo
|a hun
|
| 043 |
|
|
|a e-hu---
|
| 044 |
|
|
|a hu
|c HU
|
| 072 |
|
7 |
|a 373.2/.3
|x Predškolská a primárna výchova a vzdelávanie
|2 konspekt
|
| 080 |
|
|
|a (=162.4)
|2 2001
|
| 080 |
|
|
|a 373.3
|2 2001
|
| 080 |
|
|
|a (439)
|2 2001
|
| 110 |
2 |
|
|a Slovenská základná škola (Slovenský Komlóš, Maďarsko)
|4 aut
|9 125820
|
| 245 |
1 |
0 |
|a Jubilejný pamätník komlóšskej slovenskej školy
|b 60.
|c [zostavili: Dagmar Kötelešová ... [et al.]]
|
| 246 |
1 |
1 |
|a Komlósi szlovák iskola jubileumi évkönyve
|
| 246 |
3 |
3 |
|a 60. jubilejný pamätník komlóšskej slovenskej školy
|
| 260 |
|
|
|a Slovenský Komlóš
|b [Verejnoprospešná nadácia Zväzu Slovákov v Maďarsku]
|c 2009
|
| 300 |
|
|
|a 201 s.
|b fotogr.
|c 21 cm
|
| 500 |
|
|
|a Zodp. vydavateľ: Szlovák Két Tanítási Nyelvű Általános Iskola
|
| 546 |
|
|
|a Súbežný text maďarsky
|
| 546 |
|
|
|a Súbežný názov maďarsky
|
| 610 |
2 |
7 |
|a Slovenská základná škola (Slovenský Komlóš, Maďarsko)
|2 SVKBBKA
|9 125820
|
| 650 |
0 |
7 |
|a Slováci
|z Slovenský Komlóš (Maďarsko)
|2 SNKPH
|9 304852
|
| 650 |
0 |
7 |
|a Slováci v zahraničí
|2 SNKPH
|9 14695
|
| 650 |
0 |
7 |
|a základné školy
|2 SNKPH
|9 1280
|
| 650 |
0 |
7 |
|a Elementary schools
|2 SNKPHeng
|9 265049
|
| 651 |
|
7 |
|a Slovenský Komlóš (Maďarsko)
|2 SVKBBPH
|9 69936
|
| 655 |
|
7 |
|a jubilejné publikácie
|2 SNKPH
|9 70339
|
| 700 |
1 |
|
|a Kötelešová, Dagmar
|4 com
|9 538821
|
| 852 |
|
|
|a Štátna vedecká knižnica v Banskej Bystrici
|
| 919 |
|
|
|a 978-963-06-7156-9
|
| 958 |
|
|
|a OND
|
| 958 |
|
|
|a ZS
|
| 958 |
|
|
|a HU
|
| 958 |
|
|
|a NM
|
| 999 |
|
|
|c 830476
|d 832406
|
| 952 |
|
|
|a SNK
|b SNK
|y PREZ
|7 0
|p 17A0625124
|o snkSC 136530
|i snk2009/13379
|8 2
|g 10.21
|0 0
|1 0
|4 0
|d 2009-06-12
|l 0
|r 2025-07-02 00:00:00
|w 2026-02-24
|
| 952 |
|
|
|a SNK
|b SNK
|y VYP
|7 0
|p 17A0625125
|o snkSC 136530 D1
|i snk2009/13380
|8 2
|g 10.21
|0 0
|1 0
|4 0
|d 2009-06-12
|f 1
|l 0
|r 2026-02-24 03:36:14
|w 2026-02-24
|